[Event "Schweinfurt op 26th"]
[Site "Schweinfurt"]
[Date "2016.05.29"]
[Round "7"]
[White "Neudecker, Georg"]
[Black "Millgramm, Stephan"]
[Result "0-1"]
[WhiteElo "1876"]
[BlackElo "1774"]
[PlyCount "146"]
[EventDate "2016.05.26"]
[EventType "swiss"]
[EventRounds "7"]
[EventCountry "GER"]
[SourceTitle "CBM 172 Extra"]
[Source "ChessBase"]
[SourceDate "2016.06.21"]
[SourceVersion "1"]
[SourceVersionDate "2016.06.21"]
[SourceQuality "1"]

1. d4 Nf6 2. c4 e6 3. Nc3 Bb4 4. a3 Bxc3+ 5. bxc3 b6 6. Bg5 Bb7 7. e3 h6 8. Bh4 d6 9. Nf3 g5 10. Bg3 Ne4 11. Qc2 Nxg3 12. hxg3 Bxf3 13. gxf3 Nd7 14. Bd3 Nf6 15. a4 a5 16. e4 e5 17. Qd2 Nd7 18. Rd1 Qf6 19. Qe3 0-0-0 20. Rb1 h5 21. c5 dxc5 22. Ba6+ Kb8 23. dxc5 Ka7 24. cxb6+ cxb6 25. Bb5 Nc5 26. Ke2 h4 27. Rbd1 hxg3 28. Rhg1 Ne6 29. fxg3 Rh2+ 30. Kf1 g4 31. Be2 gxf3 32. Qxf3 Qxf3+ 33. Bxf3 Rc2 34. Rh1 Rxc3 35. Kf2 Kb7 36. Rh5 Nd4 37. Bg4 f6 38. Rh7+ Rc7 39. Rh6 Rf7 40. Bh5 Rff8 41. Rh7+ Kc6 42. Bf7 Kc5 43. Bd5 f5 44. Ke3 f4+ 45. Kf2 fxg3+ 46. Kxg3 Ne2+ 47. Kg4 Kb4 48. Re7 Nc3 49. Rxe5 Nxd5 50. Rexd5 Rxd5 51. Rxd5 Kxa4 52. e5 Kb4 53. e6 a4 54. Kg5 a3 55. e7 Re8 56. Kf6 a2 57. Rd1 Kb3 58. Kf7 Rh8 59. e8Q Rxe8 60. Kxe8 Kc2 61. Rg1 b5 62. Rg2+ Kb1 63. Rg1+ Kb2 64. Rg2+ Kb3 65. Rg3+ Ka4 66. Rg7 b4 67. Kd8 Ka3 68. Rg1 b3 69. Kc7 b2 70. Rg3+ Kb4 71. Rg4+ Kc5 72. Rg5+ Kd4 73. Rg4+ Ke5 0-1

[Event "Schweinfurt op 26th"]
[Site "Schweinfurt"]
[Date "2016.05.28"]
[Round "5"]
[White "Aigner, Patrick"]
[Black "Millgramm, Stephan"]
[Result "0-1"]
[WhiteElo "1305"]
[BlackElo "1774"]
[PlyCount "52"]
[EventDate "2016.05.26"]
[EventType "swiss"]
[EventRounds "7"]
[EventCountry "GER"]
[SourceTitle "CBM 172 Extra"]
[Source "ChessBase"]
[SourceDate "2016.06.21"]
[SourceVersion "1"]
[SourceVersionDate "2016.06.21"]
[SourceQuality "1"]

1. d4 Nf6 2. Nc3 d5 3. e4 dxe4 4. Bg5 Bf5 5. Qe2 Nbd7 6. 0-0-0 a6 7. f3 exf3 8. Nxf3 h6 9. Bxf6 Nxf6 10. Ne5 Qd6 11. Qc4 e6 12. Qa4+ c6 13. Bd3 Bxd3 14. Rxd3 Be7 15. Re1 b5 16. Qa5 Bd8 17. Qa3 b4 18. Qa4 bxc3 19. Rxc3 0-0 20. Rxc6 Qd5 21. Rc5 Qxg2 22. d5 Nxd5 23. Nxf7 Be7 24. Rxd5 Qxd5 25. Nxh6+ gxh6 26. Qg4+ Qg5+ 0-1

[Event "Varde Weekend-B"]
[Site "Varde"]
[Date "2016.04.29"]
[Round "1"]
[White "Heinemann, Guido"]
[Black "Millgramm, Stephan"]
[Result "1/2-1/2"]
[WhiteElo "1802"]
[BlackElo "1698"]
[PlyCount "43"]
[EventDate "2016.04.29"]
[EventType "tourn"]
[EventRounds "5"]
[EventCountry "DEN"]
[SourceTitle "EXT 2023"]
[Source "ChessBase"]
[SourceDate "2022.10.05"]
[SourceVersion "1"]
[SourceVersionDate "2022.10.05"]
[SourceQuality "1"]

1. e4 e6 2. d4 d5 3. Nc3 dxe4 4. Nxe4 Bd7 5. Nf3 Bc6 6. Bd3 Nd7 7. 0-0 Ngf6 8. Neg5 Be7 9. Qe2 Bxf3 10. Qxf3 c6 11. Re1 0-0 12. Bd2 Qb6 13. Qh3 g6 14. Nxe6 fxe6 15. Qxe6+ Rf7 16. Bc4 Nd5 17. Bxd5 cxd5 18. Qxd7 Bg5 19. Re8+ Kg7 20. Qxd5 Rxe8 21. Qxg5 Qxb2 22. Rf1 1/2-1/2

[Event "Schleswig Holstein-ch VM"]
[Site "Eckernfoerde"]
[Date "2016.03.24"]
[Round "8"]
[White "Millgramm, Stephan"]
[Black "Jeschke, Holger"]
[Result "0-1"]
[WhiteElo "1785"]
[BlackElo "1843"]
[PlyCount "84"]
[EventDate "2016.03.19"]
[EventType "swiss"]
[EventRounds "9"]
[EventCountry "GER"]
[SourceTitle "EXT 2018"]
[Source "ChessBase"]
[SourceDate "2017.10.13"]
[SourceVersion "1"]
[SourceVersionDate "2017.10.13"]
[SourceQuality "1"]

1. e4 c6 2. d4 d5 3. e5 Bf5 4. Nf3 e6 5. Nc3 Nd7 6. Bd3 Bxd3 7. Qxd3 Ne7 8. Ne2 Ng6 9. 0-0 Be7 10. Ne1 c5 11. c3 cxd4 12. cxd4 h5 13. f4 Nh4 14. Ng3 g6 15. Nc2 Qb6 16. b4 Rc8 17. Bd2 Rc4 18. a4 a6 19. Rfb1 g5 20. a5 Qa7 21. f5 Nxe5 22. Qb3 Ng4 23. b5 0-0 24. b6 Qb8 25. h3 Nh6 26. fxe6 Rxc2 27. Qxc2 Qxg3 28. Be1 Nf3+ 29. Kf1 Nxe1 30. Rxe1 fxe6+ 31. Kg1 Rf6 32. Rf1 Qe3+ 33. Kh1 Nf5 34. Rf3 Ng3+ 35. Kh2 Rxf3 36. gxf3 Qxf3 37. Qg6+ Kf8 38. Qc2 Qe2+ 39. Qxe2 Nxe2 40. Rd1 Bb4 41. Kg2 Bxa5 42. Kf2 Nxd4 0-1

[Event "Schleswig Holstein-ch VM"]
[Site "Eckernfoerde"]
[Date "2016.03.22"]
[Round "5"]
[White "Kitschke, Heiko"]
[Black "Millgramm, Stephan"]
[Result "1-0"]
[WhiteElo "2022"]
[BlackElo "1785"]
[PlyCount "39"]
[EventDate "2016.03.19"]
[EventType "swiss"]
[EventRounds "9"]
[EventCountry "GER"]
[SourceTitle "EXT 2018"]
[Source "ChessBase"]
[SourceDate "2017.10.13"]
[SourceVersion "1"]
[SourceVersionDate "2017.10.13"]
[SourceQuality "1"]

1. e4 e6 2. d4 d5 3. Nc3 dxe4 4. Nxe4 Nd7 5. Nf3 Ngf6 6. Bd3 Nxe4 7. Bxe4 Nf6 8. Bd3 Be7 9. 0-0 0-0 10. Qe2 Bd7 11. Ne5 c5 12. dxc5 Bxc5 13. Bg5 Be7 14. Rad1 Nd5 15. Bxe7 Qxe7 16. Nxd7 Qxd7 17. c4 Nf4 18. Bxh7+ Kxh7 19. Qc2+ Nd3 20. Rxd3 1-0

[Event "Schleswig Holstein-ch VM"]
[Site "Eckernfoerde"]
[Date "2016.03.19"]
[Round "1"]
[White "Millgramm, Stephan"]
[Black "Bahr, Torsten"]
[Result "0-1"]
[WhiteElo "1785"]
[BlackElo "1915"]
[PlyCount "56"]
[EventDate "2016.03.19"]
[EventType "swiss"]
[EventRounds "9"]
[EventCountry "GER"]
[SourceTitle "EXT 2018"]
[Source "ChessBase"]
[SourceDate "2017.10.13"]
[SourceVersion "1"]
[SourceVersionDate "2017.10.13"]
[SourceQuality "1"]

1. e4 c6 2. d4 d5 3. e5 Bf5 4. Nf3 e6 5. Bd3 Bxd3 6. Qxd3 Qa5+ 7. Bd2 Qa6 8. Qxa6 Nxa6 9. 0-0 c5 10. c3 Nh6 11. Bxh6 gxh6 12. Nbd2 Be7 13. Ne1 f5 14. f4 Kf7 15. Ndf3 Rhg8 16. Nc2 Rg4 17. g3 Rag8 18. Ne3 Rxf4 19. Kf2 Re4 20. Nd2 cxd4 21. Nxf5 exf5 22. Nxe4 fxe4 23. cxd4 Ke6 24. a3 Nb8 25. h4 Nc6 26. Rad1 Nxd4 27. Rxd4 Bc5 28. Rfd1 Kxe5 0-1

[Event "Grenzturnering Master 1516"]
[Site "Denmark"]
[Date "2016.03.08"]
[Round "6"]
[White "Millgramm, Stephan"]
[Black "Heinemann, Guido"]
[Result "1-0"]
[WhiteElo "1817"]
[BlackElo "1707"]
[PlyCount "107"]
[EventDate "2015.10.20"]
[EventType "tourn"]
[EventRounds "9"]
[EventCountry "DEN"]
[SourceTitle "EXT 2023"]
[Source "ChessBase"]
[SourceDate "2022.10.05"]
[SourceVersion "1"]
[SourceVersionDate "2022.10.05"]
[SourceQuality "1"]

1. e4 d6 2. d4 g6 3. Nf3 Bg7 4. Nc3 e6 5. Bc4 Ne7 6. 0-0 c6 7. Bf4 b5 8. Bb3 0-0 9. Qd2 a5 10. a4 b4 11. Ne2 c5 12. Bh6 Ba6 13. Bxg7 Kxg7 14. Rad1 c4 15. Ba2 Nd7 16. c3 b3 17. Bb1 d5 18. Nf4 Nb6 19. Ne5 Qd6 20. Rfe1 dxe4 21. Bxe4 Ned5 22. Bxd5 Nxd5 23. Nxd5 Qxd5 24. Ng4 Qh5 25. Qf4 f6 26. Rxe6 Ra7 27. Rde1 Qg5 28. Qxg5 fxg5 29. Re7+ Rf7 30. Rxa7 Rxa7 31. Re5 Bc8 32. Ne3 Bd7 33. Nxc4 Bxa4 34. Rxa5 Re7 35. Re5 Rxe5 36. Nxe5 Kf6 37. Kf1 Kf5 38. Ke2 g4 39. Ke3 g5 40. c4 h5 41. Nd3 h4 42. Nc5 Bc6 43. d5 Be8 44. Nxb3 Bg6 45. Nd4+ Ke5 46. b4 g3 47. hxg3 hxg3 48. f3 Bb1 49. b5 Ba2 50. Nc6+ Kd6 51. b6 Bxc4 52. b7 Bxd5 53. b8Q+ Kxc6 54. Qxg3 1-0

[Event "Grenzturnering Master 1516"]
[Site "Denmark"]
[Date "2016.01.18"]
[Round "3"]
[White "Millgramm, Stephan"]
[Black "Falsig, Niels"]
[Result "0-1"]
[WhiteElo "1817"]
[BlackElo "1879"]
[PlyCount "66"]
[EventDate "2015.10.20"]
[EventType "tourn"]
[EventRounds "9"]
[EventCountry "DEN"]
[SourceTitle "EXT 2023"]
[Source "ChessBase"]
[SourceDate "2022.10.05"]
[SourceVersion "1"]
[SourceVersionDate "2022.10.05"]
[SourceQuality "1"]

1. e4 c5 2. d4 cxd4 3. c3 dxc3 4. Nxc3 Nc6 5. Nf3 g6 6. Bc4 e6 7. 0-0 Bg7 8. Bf4 Nge7 9. Nb5 0-0 10. Nd6 Bxb2 11. Rb1 Bg7 12. Qd2 Qa5 13. Qe3 b6 14. Bh6 Ba6 15. Bxa6 Qxa6 16. Bxg7 Kxg7 17. Qc3+ f6 18. Rfd1 Rad8 19. e5 fxe5 20. Nxe5 Nxe5 21. Qxe5+ Kg8 22. Qg5 Nd5 23. Rxd5 exd5 24. Qxd5+ Kg7 25. Re1 Qa4 26. Re7+ Kh6 27. Ne4 Qa5 28. Qd1 Rf5 29. g4 Re5 30. Rf7 Rxe4 31. Qc1+ g5 32. Qb1 Re1+ 33. Kg2 Qd5+ 0-1

[Event "Kiel op 28th"]
[Site "Kiel"]
[Date "2015.07.30"]
[Round "8"]
[White "Millgramm, Stephan"]
[Black "Rohmann, Volker"]
[Result "1/2-1/2"]
[WhiteElo "1846"]
[BlackElo "1841"]
[PlyCount "94"]
[EventDate "2015.07.25"]
[EventType "swiss"]
[EventRounds "9"]
[EventCountry "GER"]
[SourceTitle "CBM 167 Extra"]
[Source "ChessBase"]
[SourceDate "2015.09.14"]
[SourceVersion "1"]
[SourceVersionDate "2015.09.14"]
[SourceQuality "1"]

1. e4 e5 2. Nf3 Nc6 3. Bb5 a6 4. Ba4 Nf6 5. 0-0 b5 6. Bb3 Be7 7. Re1 d6 8. c3 0-0 9. d4 Bg4 10. d5 Na5 11. Bc2 c6 12. b4 Nc4 13. a4 cxd5 14. exd5 Qc7 15. a5 Rac8 16. h3 Bh5 17. Bf5 Rcd8 18. g4 Bg6 19. Nh4 Rfe8 20. Nxg6 hxg6 21. Be4 Nxe4 22. Rxe4 f5 23. Re1 Rf8 24. f3 Bh4 25. Rf1 Qa7+ 26. Kg2 e4 27. Ra2 exf3+ 28. Rxf3 fxg4 29. hxg4 Rxf3 30. Qxf3 Rf8 31. Qe4 Qf7 32. Qe6 Re8 33. Qxf7+ Kxf7 34. Kh3 g5 35. Kg2 Re1 36. Rc2 Kf6 37. Na3 Ne5 38. c4 Nd3 39. cxb5 Nxb4 40. Bb2+ Ke7 41. bxa6 Nxc2 42. a7 Ne3+ 43. Kf3 Nxd5 44. a8Q Re3+ 45. Kg2 Nf4+ 46. Kg1 Re1+ 47. Kh2 Re2+ 1/2-1/2

[Event "Kiel op 28th"]
[Site "Kiel"]
[Date "2015.07.29"]
[Round "7"]
[White "Millgramm, Stephan"]
[Black "Helmich, Joerg"]
[Result "1-0"]
[WhiteElo "1846"]
[BlackElo "1704"]
[PlyCount "103"]
[EventDate "2015.07.25"]
[EventType "swiss"]
[EventRounds "9"]
[EventCountry "GER"]
[SourceTitle "CBM 167 Extra"]
[Source "ChessBase"]
[SourceDate "2015.09.14"]
[SourceVersion "1"]
[SourceVersionDate "2015.09.14"]
[SourceQuality "1"]

1. e4 e6 2. d4 d5 3. Nc3 Bb4 4. e5 Ne7 5. a3 Bxc3+ 6. bxc3 c5 7. Bd3 0-0 8. Qh5 g6 9. Qg4 f5 10. exf6 Rxf6 11. Bg5 Rf7 12. Qh4 Nbc6 13. Nf3 c4 14. Be2 Qa5 15. Bd2 Nf5 16. Qh3 Qc7 17. Ng5 Re7 18. f4 e5 19. g4 Nfxd4 20. cxd4 Nxd4 21. Kd1 Nxe2 22. Kxe2 exf4+ 23. Kd1 Qe5 24. Qc3 Bxg4+ 25. Kc1 Qxg5 26. Rg1 Qf5 27. Kb2 Bh5 28. Rgf1 Qe5 29. Rxf4 Qxc3+ 30. Bxc3 Rf7 31. Rd4 Rd8 32. Re1 Rf2 33. Re7 Rf7 34. Re5 Bf3 35. h4 Rf5 36. Re7 Rf7 37. Rxf7 Kxf7 38. Rf4+ Ke6 39. Rf6+ Ke7 40. Rxf3 d4 41. Bb4+ Ke6 42. Kc1 d3 43. Re3+ Kf5 44. Re7 b5 45. Rxh7 a6 46. Ra7 Rd4 47. Be7 Re4 48. cxd3 cxd3 49. Kd2 Rd4 50. Rxa6 Ke4 51. Rxg6 Rc4 52. Rg4+ 1-0

[Event "Kiel op 28th"]
[Site "Kiel"]
[Date "2015.07.26"]
[Round "4"]
[White "Millgramm, Stephan"]
[Black "Friedel, Roland"]
[Result "1/2-1/2"]
[WhiteElo "1846"]
[BlackElo "1691"]
[PlyCount "62"]
[EventDate "2015.07.25"]
[EventType "swiss"]
[EventRounds "9"]
[EventCountry "GER"]
[SourceTitle "CBM 167 Extra"]
[Source "ChessBase"]
[SourceDate "2015.09.14"]
[SourceVersion "1"]
[SourceVersionDate "2015.09.14"]
[SourceQuality "1"]

1. e4 e6 2. d4 d5 3. Nc3 dxe4 4. Nxe4 Bd7 5. Nf3 Bc6 6. Bd3 Nd7 7. 0-0 Ngf6 8. Nxf6+ Qxf6 9. Bg5 Bxf3 10. Bxf6 Bxd1 11. Bxg7 Bxg7 12. Rfxd1 c6 13. c3 0-0 14. Re1 Rfe8 15. Re3 Rad8 16. Rae1 Nf6 17. h3 Rd6 18. g4 Red8 19. Bc2 a5 20. a4 Nd5 21. Re4 b6 22. g5 Ne7 23. h4 c5 24. dxc5 bxc5 25. h5 Rd2 26. R1e2 Rxe2 27. Rxe2 Rd5 28. f4 Nf5 29. h6 Bf8 30. Kf2 Ne7 31. Kf3 Nf5 1/2-1/2

[Event "Grenzturnering-A 1415"]
[Site "Denmark"]
[Date "2014.11.11"]
[Round "2"]
[White "Millgramm, Stephan"]
[Black "Light, Bjarne"]
[Result "0-1"]
[WhiteElo "1842"]
[BlackElo "2208"]
[PlyCount "114"]
[EventDate "2014.09.23"]
[EventType "tourn"]
[EventRounds "7"]
[EventCountry "DEN"]
[SourceTitle "EXT 2023"]
[Source "ChessBase"]
[SourceDate "2022.10.05"]
[SourceVersion "1"]
[SourceVersionDate "2022.10.05"]
[SourceQuality "1"]

1. f4 c5 2. Nf3 Nc6 3. e4 g6 4. d3 Bg7 5. c3 d6 6. Be2 Nf6 7. 0-0 0-0 8. Na3 Rb8 9. Nc2 b5 10. Bd2 a5 11. Rb1 Be6 12. b3 b4 13. c4 Bg4 14. Be3 Ne8 15. Qe1 Nc7 16. h3 Bxf3 17. Bxf3 Ne6 18. g4 Ned4 19. Nxd4 Nxd4 20. Bd1 e6 21. Bxd4 Bxd4+ 22. Kh2 Qf6 23. Rf3 Rbe8 24. Qg3 Qg7 25. Kg2 f5 26. Bc2 Rf7 27. Rbf1 Qf8 28. g5 Bh8 29. Qf2 Qg7 30. Bb1 Qa1 31. Qe2 Bd4 32. h4 Ree7 33. Rh3 e5 34. Rhf3 exf4 35. Rxf4 Be5 36. R4f3 f4 37. Rh3 Bd4 38. Kf3 Be3 39. Qc2 Ra7 40. Rfh1 Qe5 41. Qg2 Bd4 42. Qg4 Bc3 43. Qg1 a4 44. bxa4 Rxa4 45. h5 Raa7 46. hxg6 hxg6 47. Rh8+ Qxh8 48. Rxh8+ Bxh8 49. Qg4 Be5 50. Qe6 Kg7 51. Qh3 Kf8 52. Qh6+ Rg7 53. Qh8+ Rg8 54. Qh6+ Kf7 55. Qh3 Rh8 56. Qg2 Rh4 57. Ke2 Rh2 0-1

[Event "Schleswig Holstein-ch Seniors"]
[Site "Leck"]
[Date "2014.04.18"]
[Round "9"]
[White "Millgramm, Stephan"]
[Black "Haversick, Axel"]
[Result "1-0"]
[WhiteElo "1842"]
[BlackElo "1844"]
[PlyCount "37"]
[EventDate "2014.04.12"]
[EventType "swiss"]
[EventRounds "9"]
[EventCountry "GER"]
[SourceTitle "EXT 2018"]
[Source "ChessBase"]
[SourceDate "2017.10.13"]
[SourceVersion "1"]
[SourceVersionDate "2017.10.13"]
[SourceQuality "1"]

1. f4 d5 2. Nf3 c5 3. e3 Nc6 4. d4 e6 5. c3 c4 6. Nbd2 b5 7. g3 Nf6 8. Bg2 b4 9. 0-0 bxc3 10. bxc3 Qa5 11. Qc2 Ba6 12. Ne5 Rc8 13. f5 Bd6 14. Nxc6 Rxc6 15. fxe6 fxe6 16. e4 0-0 17. e5 Ng4 18. exd6 Rxf1+ 19. Nxf1 1-0

[Event "Schleswig Holstein-ch Seniors"]
[Site "Leck"]
[Date "2014.04.16"]
[Round "7"]
[White "Millgramm, Stephan"]
[Black "Jeschke, Holger"]
[Result "0-1"]
[WhiteElo "1842"]
[BlackElo "1838"]
[PlyCount "100"]
[EventDate "2014.04.12"]
[EventType "swiss"]
[EventRounds "9"]
[EventCountry "GER"]
[SourceTitle "EXT 2018"]
[Source "ChessBase"]
[SourceDate "2017.10.13"]
[SourceVersion "1"]
[SourceVersionDate "2017.10.13"]
[SourceQuality "1"]

1. f4 c6 2. Nf3 d5 3. e3 Nf6 4. Be2 g6 5. 0-0 Bg7 6. d3 0-0 7. c3 Qc7 8. d4 Bf5 9. Ne5 Bxb1 10. Rxb1 e6 11. Bd3 Nbd7 12. Qf3 c5 13. g4 c4 14. Bc2 Ne8 15. g5 Bxe5 16. fxe5 Ng7 17. Qh3 Rfe8 18. Bd2 Nf5 19. Bxf5 exf5 20. Qf3 Qc6 21. Qh3 Nf8 22. Qh6 Qa4 23. Be1 Qxa2 24. Bg3 Qb3 25. Rf2 Re6 26. h4 a5 27. h5 Raa6 28. Kg2 a4 29. Bh4 a3 30. hxg6 fxg6 31. Bg3 a2 32. Ra1 b5 33. Qh3 b4 34. e4 dxe4 35. d5 e3 36. Re2 bxc3 37. bxc3 Qb1 38. dxe6 Nxe6 39. Re1 Qe4+ 40. Kh2 Nxg5 41. Qg2 Nf3+ 42. Kh1 g5 43. Rf1 Rh6+ 44. Bh2 Rxh2+ 45. Qxh2 Nxh2+ 46. Kxh2 Qxe5+ 47. Kg1 Qg3+ 48. Kh1 e2 49. Rfe1 Qxc3 50. Kg2 f4 0-1

[Event "Schleswig Holstein-ch Seniors"]
[Site "Leck"]
[Date "2014.04.14"]
[Round "3"]
[White "Kollhoff, Josef"]
[Black "Millgramm, Stephan"]
[Result "1/2-1/2"]
[WhiteElo "1740"]
[BlackElo "1842"]
[PlyCount "114"]
[EventDate "2014.04.12"]
[EventType "swiss"]
[EventRounds "9"]
[EventCountry "GER"]
[SourceTitle "EXT 2018"]
[Source "ChessBase"]
[SourceDate "2017.10.13"]
[SourceVersion "1"]
[SourceVersionDate "2017.10.13"]
[SourceQuality "1"]

1. d4 f5 2. c4 Nf6 3. g3 e6 4. Bg2 d5 5. Bf4 c6 6. Nd2 Bd6 7. Bxd6 Qxd6 8. Qc2 0-0 9. Nh3 Ne4 10. c5 Qe7 11. 0-0 Qf6 12. Nf3 Nd7 13. Nf4 e5 14. dxe5 Nxe5 15. Nxe5 Qxe5 16. b4 Bd7 17. e3 Rae8 18. Rfd1 g5 19. Ne2 Re7 20. Rf1 Be8 21. Bf3 h5 22. Rab1 Rg7 23. Qb2 Qe7 24. Qd4 Bg6 25. Rb2 Re8 26. Bg2 Nf6 27. h4 gxh4 28. Qxh4 Ng4 29. Qxe7 Rgxe7 30. Nd4 Rc8 31. Rc1 a6 32. Bf1 Ne5 33. Kg2 Kf7 34. Be2 Kf6 35. Rh1 Rh7 36. Rh4 Nf7 37. Rb1 Ng5 38. Rbh1 Rch8 39. Rc1 Ne6 40. Nxe6 Kxe6 41. a4 Be8 42. Bd3 Rg7 43. Kf3 Ke5 44. Rf4 Bd7 45. Rh1 Rg4 46. Rh4 Rgg8 47. Ke2 Rf8 48. Kd2 Rf6 49. Be2 Be8 50. Rh1 Rfh6 51. Rfh4 Kf6 52. Kc3 Ke5 53. Bd3 Rg8 54. Rf4 Bd7 55. Rfh4 Be8 56. Be2 Rgh8 57. Rb1 R8h7 1/2-1/2

[Event "Kiel op 25th"]
[Site "Kiel"]
[Date "2012.08.03"]
[Round "9"]
[White "Henschen, Patrick"]
[Black "Millgramm, Stephan"]
[Result "1/2-1/2"]
[WhiteElo "1600"]
[BlackElo "1854"]
[PlyCount "39"]
[EventDate "2012.07.28"]
[EventType "swiss"]
[EventRounds "9"]
[EventCountry "GER"]
[SourceTitle "EXT 2015"]
[Source "ChessBase"]
[SourceDate "2014.11.20"]
[SourceVersion "1"]
[SourceVersionDate "2014.11.20"]
[SourceQuality "1"]

1. d4 e6 2. Nf3 d5 3. c4 f5 4. g3 Nf6 5. Bg2 c6 6. 0-0 Bd6 7. Nbd2 Nbd7 8. Qc2 0-0 9. e3 Ne4 10. Ne1 Qg5 11. Ndf3 Qf6 12. Nd3 g5 13. Bd2 g4 14. Nh4 Rf7 15. cxd5 exd5 16. Bb4 Nf8 17. Bxd6 Qxd6 18. Ne5 Rg7 19. f3 Ng5 20. Nxf5 1/2-1/2

[Event "Kiel op 25th"]
[Site "Kiel"]
[Date "2012.07.30"]
[Round "5"]
[White "Guetschow, Martin"]
[Black "Millgramm, Stephan"]
[Result "1-0"]
[WhiteElo "1894"]
[BlackElo "1854"]
[PlyCount "97"]
[EventDate "2012.07.28"]
[EventType "swiss"]
[EventRounds "9"]
[EventCountry "GER"]
[SourceTitle "EXT 2015"]
[Source "ChessBase"]
[SourceDate "2014.11.20"]
[SourceVersion "1"]
[SourceVersionDate "2014.11.20"]
[SourceQuality "1"]

1. e4 e6 2. d4 d5 3. Be3 dxe4 4. Nd2 f5 5. f3 exf3 6. Ngxf3 Nf6 7. Bc4 Nd5 8. Qe2 Nxe3 9. Qxe3 Qf6 10. d5 Be7 11. dxe6 Qxb2 12. Rb1 Qf6 13. 0-0 0-0 14. Nd4 g6 15. Qf4 Kh8 16. Nb5 Na6 17. Nxc7 Bc5+ 18. Kh1 Nxc7 19. Qxc7 Bb6 20. Rxb6 axb6 21. Ne4 Qg7 22. e7 Re8 23. Nd6 Qxe7 24. Nxe8 Qxe8 25. Qxb6 h5 26. Qf6+ Kh7 27. Bf7 Qc6 28. Bxg6+ Kh6 29. Qxc6 bxc6 30. Bf7 Kg5 31. g3 Ra5 32. Rf4 Rc5 33. Rc4 Re5 34. h4+ Kf6 35. Rxc6+ Kxf7 36. Rxc8 Ra5 37. Rc6 Rxa2 38. Kg2 Ra4 39. Kf3 Kg7 40. c4 Ra1 41. Kf4 Rf1+ 42. Kg5 Kf7 43. Rf6+ Ke7 44. Rxf5 Rg1 45. Rf3 Rc1 46. Kxh5 Rxc4 47. g4 Rc8 48. g5 Rh8+ 49. Kg4 1-0